[Event "FIDE World Cup 2023"]
[Site "Baku AZE"]
[Date "2023.08.03"]
[Round "2.2"]
[White "Meier, Georg"]
[Black "Santos Latasa, Jaime"]
[Result "1/2-1/2"]
[WhiteTitle "GM"]
[BlackTitle "GM"]
[WhiteElo "2629"]
[BlackElo "2656"]
[WhiteFideId "4675789"]
[BlackFideId "2293307"]
[EventDate "2023.07.30"]
[EventType "k.o."]

1. Nf3 d5 2. g3 Nf6 3. Bg2 c5 4. O-O Nc6 5. d4 e6 6. c4 dxc4 7. dxc5 Qxd1 8.
Rxd1 Bxc5 9. Nbd2 c3 10. bxc3 O-O 11. Nb3 Be7 12. c4 Bd7 13. Bb2 Rfd8 14. Nfd4
Rac8 15. Nb5 b6 16. Nd6 Rc7 17. Nb5 Rcc8 18. Nd6 Rc7 19. Nb5 Rcc8 20. Nd6 1/2-1/2

[Event "FIDE World Cup 2023"]
[Site "Baku AZE"]
[Date "2023.08.03"]
[Round "2.2"]
[White "Moussard, Jules"]
[Black "Durarbayli, Vasif"]
[Result "1/2-1/2"]
[WhiteTitle "GM"]
[BlackTitle "GM"]
[WhiteElo "2654"]
[BlackElo "2631"]
[WhiteFideId "642908"]
[BlackFideId "13402935"]
[EventDate "2023.07.30"]
[EventType "k.o."]

1. e4 c5 2. c3 d5 3. exd5 Qxd5 4. d4 Nc6 5. Nf3 Bf5 6. Be3 cxd4 7. Nxd4 O-O-O 8.
Qa4 Nxd4 9. cxd4 Bxb1 10. Qxa7 e5 11. Rxb1 Bb4+ 12. Kd1 Ne7 13. Rc1+ Nc6 14. Qa4
Kb8 15. Rxc6 Qxc6 16. Qxb4 Qe4 17. Qd2 Rd6 18. Qc2 Qd5 19. Qc4 Qe4 20. Qc2 Qd5
21. Qc4 Qe4 22. Qc2 1/2-1/2

[Event "FIDE World Cup 2023"]
[Site "Baku AZE"]
[Date "2023.08.03"]
[Round "2.2"]
[White "Abasov, Nijat"]
[Black "Fressinet, Laurent"]
[Result "1/2-1/2"]
[WhiteTitle "GM"]
[BlackTitle "GM"]
[WhiteElo "2632"]
[BlackElo "2652"]
[WhiteFideId "13402960"]
[BlackFideId "608742"]
[EventDate "2023.07.30"]
[EventType "k.o."]

1. d4 d5 2. c4 e6 3. Nc3 Nf6 4. cxd5 exd5 5. Bg5 Be7 6. e3 h6 7. Bh4 Bg4 8. Nf3
O-O 9. h3 Bxf3 10. Qxf3 c6 11. Bd3 Nbd7 12. O-O Re8 13. Bg3 Nf8 14. Rab1 a5 15.
a3 Ne6 16. Rfc1 Ng5 17. Qd1 Bd6 18. Bxd6 Qxd6 19. Na4 Nfe4 20. Bxe4 Nxe4 21. Nc5
Nxc5 22. Rxc5 a4 23. b4 axb3 24. Qxb3 Re7 25. Qb4 Kh7 26. Ra5 Qxb4 27. axb4 Ree8
28. Kf1 g5 29. Ke2 Kg6 30. Rba1 Rxa5 31. Rxa5 b5 32. Ra7 h5 33. Rc7 Re6 34. g4
hxg4 35. hxg4 Kg7 36. Rc8 Kh7 37. Kd3 Rf6 38. f3 Kg7 39. Rc7 Kg6 40. f4 gxf4 41.
exf4 Rxf4 42. Rxc6+ Kg5 43. Rc5 Kxg4 44. Rxd5 Rf3+ 45. Ke2 Rb3 46. Rxb5 f5 47.
Rb7 f4 48. Rg7+ 1/2-1/2

[Event "FIDE World Cup 2023"]
[Site "Baku AZE"]
[Date "2023.08.03"]
[Round "2.2"]
[White "Predke, Alexandr"]
[Black "Mamedov, Rauf"]
[Result "1/2-1/2"]
[WhiteTitle "GM"]
[BlackTitle "GM"]
[WhiteElo "2651"]
[BlackElo "2636"]
[WhiteFideId "24107581"]
[BlackFideId "13401653"]
[EventDate "2023.07.30"]
[EventType "k.o."]

1. d4 Nf6 2. c4 c6 3. Nf3 d5 4. Qb3 e6 5. g3 c5 6. dxc5 Nc6 7. cxd5 exd5 8. Bg2
Bxc5 9. O-O O-O 10. Nc3 d4 11. Na4 Be7 12. Bf4 Nd5 13. Be5 Nb6 14. Nxb6 axb6 15.
Rfd1 Be6 16. Qd3 Rxa2 17. Rxa2 Bxa2 18. Bxd4 Be6 19. h4 h6 20. Qc2 Qc7 21. Be3
Bc5 22. Qc3 Qe7 23. Ne5 Nb4 24. Bf3 Rc8 25. Qd2 Qc7 26. Bxc5 bxc5 27. Qd6 Qb8
28. Ng6 Qxd6 29. Rxd6 Rb8 30. Rb6 Rd8 31. Nf4 Bc8 32. Bxb7 Bxb7 33. Rxb7 Rd2 34.
Rb8+ Kh7 35. Rb5 g5 36. hxg5 hxg5 37. Nd3 Nxd3 38. exd3 Rxd3 39. Rxc5 Rb3 40.
Rc2 Kg6 41. Kf1 Kf5 42. Ke2 Ke4 43. Rd2 f5 44. Kd1 Rb8 45. Ke2 Rb3 46. Kf1 f4
47. Kg2 fxg3 48. fxg3 g4 49. Rf2 Ke5 1/2-1/2

[Event "FIDE World Cup 2023"]
[Site "Baku AZE"]
[Date "2023.08.03"]
[Round "2.2"]
[White "Yilmaz, Mustafa"]
[Black "Liang, Awonder"]
[Result "1/2-1/2"]
[WhiteTitle "GM"]
[BlackTitle "GM"]
[WhiteElo "2639"]
[BlackElo "2649"]
[WhiteFideId "6302718"]
[BlackFideId "2056437"]
[EventDate "2023.07.30"]
[EventType "k.o."]

1. d4 Nf6 2. c4 e6 3. Nf3 d5 4. Nc3 c5 5. cxd5 Nxd5 6. e4 Nxc3 7. bxc3 cxd4 8.
cxd4 Bb4+ 9. Bd2 Bxd2+ 10. Qxd2 O-O 11. Bc4 Nd7 12. O-O b6 13. d5 Nf6 14. Rad1
Qc7 15. Qd4 exd5 16. Bxd5 Bb7 17. Bxb7 Qxb7 18. Ng5 Qc7 19. e5 Rad8 20. Qe3 Rxd1
21. Rxd1 Re8 22. f4 h6 23. Nf3 Nd7 24. Nd4 Nc5 25. Nb5 Qe7 26. Nd6 Rd8 27. Rd2
Rd7 28. h3 f6 29. Nf5 Qe6 30. Nd4 Qf7 31. Kh2 fxe5 32. fxe5 1/2-1/2

[Event "FIDE World Cup 2023"]
[Site "Baku AZE"]
[Date "2023.08.03"]
[Round "2.2"]
[White "Gledura, Benjamin"]
[Black "Yakubboev, Nodirbek"]
[Result "1/2-1/2"]
[WhiteTitle "GM"]
[BlackTitle "GM"]
[WhiteElo "2645"]
[BlackElo "2640"]
[WhiteFideId "712779"]
[BlackFideId "14203987"]
[EventDate "2023.07.30"]
[EventType "k.o."]

1. Nf3 Nf6 2. g3 b5 3. Bg2 Bb7 4. d3 c5 5. e4 d6 6. a4 b4 7. O-O e6 8. b3 Be7 9.
Bb2 O-O 10. e5 dxe5 11. Nxe5 Bxg2 12. Kxg2 Qd5+ 13. Qf3 Nfd7 14. Qxd5 exd5 15.
Nxd7 Nxd7 16. Nd2 Rfe8 17. Rae1 Bd6 18. Re3 f6 19. Rfe1 Kf7 20. Rxe8 Rxe8 21.
Rxe8 Kxe8 22. d4 Nb8 23. dxc5 Bxc5 24. Kf3 Nc6 25. Ke2 Ke7 26. Nf3 Ke6 27. Ne1
a5 28. Nd3 Bd4 29. Nf4+ Ke5 30. Bc1 g5 31. Nd3+ Kf5 32. h3 h5 33. f3 Be5 34. g4+
hxg4 35. hxg4+ Ke6 36. Be3 Bd4 37. Bc1 1/2-1/2

[Event "FIDE World Cup 2023"]
[Site "Baku AZE"]
[Date "2023.08.03"]
[Round "2.2"]
[White "Tari, Aryan"]
[Black "Nguyen, Thai Dai Van"]
[Result "1/2-1/2"]
[WhiteTitle "GM"]
[BlackTitle "GM"]
[WhiteElo "2641"]
[BlackElo "2642"]
[WhiteFideId "1510045"]
[BlackFideId "358878"]
[EventDate "2023.07.30"]
[EventType "k.o."]

1. e4 c5 2. Nf3 d6 3. d4 cxd4 4. Nxd4 Nf6 5. Nc3 a6 6. a4 g6 7. Be2 Bg7 8. Be3
O-O 9. O-O Nc6 10. Qd2 Bd7 11. Rfd1 Rc8 12. Nxc6 Rxc6 13. a5 Be6 14. Ra3 Qc7 15.
Bd4 Rc8 16. Qe3 Nd7 17. Bxg7 Kxg7 18. f4 Nf6 19. h3 Rc5 20. Rda1 Bd7 21. Bd3 e5
22. f5 Qd8 23. fxg6 hxg6 24. Ne2 Be6 25. b4 R5c7 26. Ng3 Nh7 27. Rb1 Bc4 28. Rd1
Qe7 29. Rc3 Nf8 30. Rxc4 Rxc4 31. Bxc4 Rxc4 32. c3 Ne6 33. Qd3 Rc6 34. Ne2 Qc7
35. Kh2 Ng5 36. Qe3 Nh7 37. Qf3 Qe7 38. Qd3 Qc7 39. Rf1 Nf6 40. Qf3 d5 41. exd5
e4+ 42. Qg3 Nxd5 43. Qxc7 Rxc7 44. Rd1 Ne3 45. Rd8 f5 46. Kg3 Kf6 47. Kf2 Nc4 1/2-1/2

[Event "FIDE World Cup 2023"]
[Site "Baku AZE"]
[Date "2023.08.04"]
[Round "2.4"]
[White "Howell, David W L"]
[Black "Brkic, Ante"]
[Result "1-0"]
[WhiteTitle "GM"]
[BlackTitle "GM"]
[WhiteElo "2677"]
[BlackElo "2608"]
[WhiteFideId "410608"]
[BlackFideId "14506688"]
[EventDate "2023.07.30"]
[EventType "k.o."]

1. e4 c5 2. c3 d5 3. exd5 Nf6 4. d4 cxd4 5. Bb5+ Bd7 6. Bc4 b5 7. Bb3 a5 8. Qxd4
a4 9. Bd1 Ra6 10. Bf3 e6 11. dxe6 Rxe6+ 12. Be3 Na6 13. Ne2 Bc5 14. Qd2 Bxe3 15.
fxe3 O-O 16. O-O Rfe8 17. Nd4 Rxe3 18. Na3 Nc7 19. Nac2 R3e5 20. Rae1 Ncd5 21.
Rxe5 Rxe5 22. Re1 Rxe1+ 23. Qxe1 h6 24. Qe5 Nb6 25. Ne3 Be8 26. a3 g6 27. h3 Kg7
28. Nxb5 Qd2 29. Nd6 Nd7 30. Nxe8+ Kf8 31. Qd6+ 1-0

[Event "FIDE World Cup 2023"]
[Site "Baku AZE"]
[Date "2023.08.04"]
[Round "2.8"]
[White "Grischuk, Alexander"]
[Black "Daneshvar, Bardiya"]
[Result "1/2-1/2"]
[WhiteTitle "GM"]
[BlackTitle "GM"]
[WhiteElo "2736"]
[BlackElo "2577"]
[WhiteFideId "4126025"]
[BlackFideId "12576468"]
[EventDate "2023.07.30"]
[EventType "k.o."]

1. d4 d5 2. c4 e6 3. Nf3 Nf6 4. g3 Bb4+ 5. Bd2 Be7 6. Bg2 O-O 7. Qc2 c6 8. h4 h6
9. O-O b6 10. Bf4 Bb7 11. Nbd2 Nh5 12. e3 Nd7 13. cxd5 cxd5 14. Bc7 Qe8 15. Rfc1
Nhf6 16. Bf1 Nb8 17. Qb3 Bc6 18. a4 Bd8 19. Bd6 Be7 20. Bf4 Ne4 21. Nxe4 dxe4
22. Nd2 Bd5 23. Bc4 Qd7 24. Qb5 Bc6 25. Qh5 Bxa4 26. Nxe4 Bc6 27. Nc3 Bf6 28.
Rd1 Qc8 29. d5 Bxc3 30. dxe6 fxe6 31. bxc3 Be8 32. Qe2 Bf7 33. Bb5 e5 34. Bxe5
Nc6 35. Bd6 Rd8 36. Qf3 Na5 37. Be5 Qe6 38. Bd4 Qe7 39. e4 Rac8 40. Qf4 Bc4 41.
Ba4 Nc6 42. Bxc6 Rxc6 43. Qg4 Re8 44. f3 a6 45. Bf2 b5 46. Rd7 Qf8 47. Bd4 Re7
48. Rxe7 Qxe7 49. Qf4 Qd7 50. Qe5 Qf7 51. Qf5 Qe7 52. h5 Qe8 53. Qg4 Qf7 54. Be5
Be6 55. Qh4 Qxf3 56. Bd4 Qg4 57. Qxg4 Bxg4 58. Kf2 Bxh5 59. Ke3 Bf7 60. Kf4 g5+
61. Ke3 Kf8 62. Be5 Ke7 63. Bd4 Bg6 64. Kf3 Re6 65. e5 Rc6 66. g4 Bh7 67. Ke3
Bg8 68. Ke4 Be6 69. Kf3 Kd7 70. Kg3 Kc8 71. Kf3 Kb7 72. Kg3 Bc4 73. Kf3 Bd5+ 74.
Kg3 Rc4 75. Re1 Be6 76. Rh1 b4 77. Rxh6 bxc3 78. Be3 Bxg4 79. Rb6+ Kc8 80. Rxa6
Bf5 81. Bxg5 Rg4+ 82. Kf3 Rxg5 83. Rc6+ Kd7 84. Rxc3 Ke6 85. Rc6+ Kxe5 86. Rc7
Be4+ 87. Ke3 Rg3+ 88. Ke2 Kd4 89. Rd7+ Bd5 90. Kd2 Rg2+ 91. Kd1 Ke4 92. Kc1 Bc4
93. Rd2 Rg3 94. Rd8 Ke3 95. Kc2 Ke4 96. Kd2 Rh3 97. Rd7 Bb5 98. Rd8 Bc6 99. Rd6
Bd5 100. Rd8 Rd3+ 101. Ke2 Rd4 102. Re8+ Kf4 103. Rf8+ Kg4 104. Ke3 Ra4 105. Kd3
Be6 106. Rd8 Ra1 107. Ke3 Kg3 108. Rd3 Bf5 109. Rc3 Ra4 110. Rb3 Rf4 111. Rc3
Re4+ 112. Kd2+ Kf2 113. Rc5 Bg6 114. Rg5 Re6 115. Rg4 Be4 116. Rg7 Rd6+ 117. Kc3
Ke3 118. Rg3+ Kf4 119. Rh3 Bf5 120. Rh4+ Ke3 121. Kb4 Be4 122. Rg4 Kd4 123. Rh4
Rb6+ 124. Ka4 Rb8 125. Rg4 Kd5 126. Ka3 Bd3 127. Rb4 Ra8+ 128. Kb3 Kc5 129. Rh4
Bg6 130. Rg4 Bf7+ 131. Kc3 Ra3+ 132. Kd2 Be6 133. Rg6 Bd5 134. Rg7 Kd4 135. Rd7
Rd3+ 136. Ke2 Rg3 137. Kd2 Rg2+ 138. Kd1 Ke4 139. Kc1 Bc6 140. Rd2 Rg1+ 141. Kc2
Ba4+ 142. Kc3 Bb5 143. Rh2 Rg3+ 144. Kb4 Bd3 145. Rh4+ Kd5 146. Rh5+ Kd4 147.
Rh4+ Be4 148. Ka4 Re3 149. Kb4 Re1 150. Rg4 Kd5 151. Rg5+ Kc6 152. Kc4 Bd5+ 153.
Kd4 Re4+ 154. Kd3 Ra4 155. Rg7 Kc5 156. Rc7+ Bc6 157. Rc8 Rd4+ 158. Ke3 Rd7 159.
Rh8 Kc4 160. Rc8 Rd6 161. Kf4 Kd4 162. Rb8 Rf6+ 163. Kg5 Ke5 1/2-1/2

[Event "FIDE World Cup 2023"]
[Site "Baku AZE"]
[Date "2023.08.04"]
[Round "2.9"]
[White "Grischuk, Alexander"]
[Black "Daneshvar, Bardiya"]
[Result "0-1"]
[WhiteTitle "GM"]
[BlackTitle "GM"]
[WhiteElo "2736"]
[BlackElo "2577"]
[WhiteFideId "4126025"]
[BlackFideId "12576468"]
[EventDate "2023.07.30"]
[EventType "k.o."]

1. d4 d5 2. c4 e6 3. Nf3 Nf6 4. g3 Bb4+ 5. Bd2 Be7 6. Bg2 c6 7. Qc2 O-O 8. h4
Nbd7 9. Bf4 h6 10. O-O Nh5 11. Bc1 Nhf6 12. Nbd2 b6 13. e4 Ba6 14. b3 Rc8 15.
Rd1 c5 16. exd5 exd5 17. Bb2 cxd4 18. Nxd4 Bc5 19. Qf5 g6 20. Qf4 dxc4 21. Qxh6
Re8 22. Nxc4 Bf8 23. Qg5 Rc5 24. Qf4 Bxc4 25. bxc4 Rxc4 26. Rac1 Nh5 27. Qd2 Ne5
28. Ba1 Bg7 29. Rxc4 Nxc4 30. Qc2 Ne5 31. Ne6 Qe7 32. Nxg7 Nxg7 33. Qb2 f6 34.
Qb3+ Kh7 35. a4 Rd8 36. Rxd8 Qxd8 37. Bxe5 fxe5 38. Qf7 Qd1+ 39. Kh2 Qxa4 40.
Bd5 Kh6 41. Qe7 Qd4 42. Bg2 Qxf2 43. Qxe5 Qf7 44. Bd5 Qf2+ 45. Bg2 Kh7 46. Kh1
a5 47. Be4 Qf1+ 48. Kh2 Qf2+ 49. Kh3 Qf1+ 50. Kh2 a4 51. h5 Qe2+ 52. Kg1 Qxh5
53. Qd4 Qc5 54. Qxc5 bxc5 55. Kf2 Nf5 56. g4 a3 57. Bd5 Nd6 58. Ba2 Ne4+ 59. Ke3
Nc3 0-1

[Event "FIDE World Cup 2023"]
[Site "Baku AZE"]
[Date "2023.08.05"]
[Round "3.1"]
[White "Caruana, Fabiano"]
[Black "Yilmaz, Mustafa"]
[Result "1/2-1/2"]
[WhiteTitle "GM"]
[BlackTitle "GM"]
[WhiteElo "2782"]
[BlackElo "2639"]
[WhiteFideId "2020009"]
[BlackFideId "6302718"]
[EventDate "2023.07.30"]
[EventType "k.o."]

1. e4 e5 2. Nf3 Nc6 3. Bc4 Bc5 4. c3 Nf6 5. d3 d6 6. O-O O-O 7. h3 a5 8. Re1 Be6
9. Bb5 Ba7 10. a4 Ne7 11. d4 Ng6 12. Be3 d5 13. Nxe5 Nxe4 14. Nd2 Nxd2 15. Qxd2
Bf5 16. Nxg6 Bxg6 17. Bg5 f6 18. Bf4 c6 19. Be2 Bf5 20. c4 Re8 21. Bf1 Be6 22.
c5 Bb8 23. Bxb8 Qxb8 24. b4 axb4 25. Qxb4 Qc7 26. a5 Bf5 27. Rxe8+ Rxe8 28. Qb6
Qxb6 29. cxb6 Kf8 30. g4 Be4 31. Rc1 Rb8 32. a6 bxa6 33. Rxc6 Bg6 34. Bxa6 Be8
35. Rd6 Ke7 36. Rxd5 Rxb6 37. Ra5 Rb4 38. Bd3 h6 39. d5 Ra4 40. Rc5 Rd4 41. Be2
Kd6 42. Rc8 Bf7 43. Rc6+ Ke7 44. Rc7+ Kf8 45. Bf3 Rd3 46. Be4 Rd1+ 47. Kh2 Bxd5
48. Bg6 Be6 49. Kg3 Rg1+ 50. Kh2 Rd1 51. Kg3 1/2-1/2

[Event "FIDE World Cup 2023"]
[Site "Baku AZE"]
[Date "2023.08.05"]
[Round "3.1"]
[White "Mamedov, Rauf"]
[Black "Nepomniachtchi, Ian"]
[Result "1/2-1/2"]
[WhiteTitle "GM"]
[BlackTitle "GM"]
[WhiteElo "2636"]
[BlackElo "2779"]
[WhiteFideId "13401653"]
[BlackFideId "4168119"]
[EventDate "2023.07.30"]
[EventType "k.o."]

1. e4 c5 2. Nf3 d6 3. Bb5+ Nd7 4. c4 Nf6 5. Nc3 e6 6. d4 cxd4 7. Qxd4 Be7 8. Bg5
O-O 9. Bxd7 Bxd7 10. O-O Bc6 11. Rfe1 h6 12. Bh4 a6 13. Rad1 Qa5 14. Qd2 Qc5 15.
Rc1 Qh5 16. Nd5 exd5 17. exd5 Bxd5 18. cxd5 Rae8 19. h3 Bd8 20. Rxe8 Rxe8 21.
Bxf6 Bxf6 22. Qd3 Qg6 23. Qxg6 fxg6 24. Rc2 Re4 25. b3 Rb4 26. Kf1 Rb5 27. Rc7
Kf8 28. Nd2 Rxd5 29. Ne4 b5 30. Nxf6 gxf6 31. Ra7 Rd2 1/2-1/2

[Event "FIDE World Cup 2023"]
[Site "Baku AZE"]
[Date "2023.08.05"]
[Round "3.1"]
[White "Giri, Anish"]
[Black "Abasov, Nijat"]
[Result "1/2-1/2"]
[WhiteTitle "GM"]
[BlackTitle "GM"]
[WhiteElo "2775"]
[BlackElo "2632"]
[WhiteFideId "24116068"]
[BlackFideId "13402960"]
[EventDate "2023.07.30"]
[EventType "k.o."]

1. c4 e6 2. g3 d5 3. Bg2 Nf6 4. Nf3 dxc4 5. Qa4+ Bd7 6. Qxc4 c5 7. Ne5 Qc8 8.
Nxd7 Qxd7 9. Nc3 Nc6 10. O-O Rc8 11. Rd1 Be7 12. b3 O-O 13. Bb2 Rfd8 14. Rac1 b6
15. Qa4 Nd5 16. Nxd5 exd5 17. e3 Rc7 18. Ba1 Kf8 19. Qf4 Nb4 20. d4 Nxa2 21. Rb1
Rdc8 22. dxc5 Rxc5 23. Bf3 Rd8 24. Bd4 g5 25. Qg4 Qxg4 26. Bxg4 Nc3 27. Bxc3
Rxc3 28. Bf5 h6 29. b4 Bf6 30. Ra1 d4 31. exd4 Rxd4 32. Rxd4 Bxd4 33. Rd1 Rf3
34. Bg4 Bxf2+ 35. Kg2 Rf6 36. Rf1 Bd4 37. Rxf6 Bxf6 38. b5 Bd4 39. Kf3 Ke7 40.
Ke4 Bg1 41. h4 gxh4 42. gxh4 Bf2 43. h5 Kf6 44. Kf4 Be1 45. Bf5 Bd2+ 46. Kg4 Ke5
47. Bc2 Kd5 48. Bd1 Ke4 49. Bc2+ Ke5 50. Kf3 Kd4 51. Bd1 f5 52. Be2 Ke5 53. Bd3
Kf6 54. Bc4 Kg5 55. Bd3 Bb4 56. Bc2 Bd6 57. Bd3 Bb8 58. Bc2 a5 59. bxa6 b5 60.
Bd3 b4 61. Bc2 Ba7 62. Bd3 b3 63. Bc4 b2 64. Bd3 Bb8 65. Bc2 f4 66. Bg6 Ba7 67.
Bd3 Bb6 68. Bc2 Be3 69. Bg6 Kh4 70. a7 Bxa7 1/2-1/2

[Event "FIDE World Cup 2023"]
[Site "Baku AZE"]
[Date "2023.08.05"]
[Round "3.1"]
[White "Moussard, Jules"]
[Black "So, Wesley"]
[Result "1/2-1/2"]
[WhiteTitle "GM"]
[BlackTitle "GM"]
[WhiteElo "2654"]
[BlackElo "2769"]
[WhiteFideId "642908"]
[BlackFideId "5202213"]
[EventDate "2023.07.30"]
[EventType "k.o."]

1. e4 e5 2. Nf3 Nc6 3. Bb5 Nf6 4. d3 Bc5 5. Bxc6 dxc6 6. O-O Qd6 7. b4 Bb6 8.
Bb2 Bg4 9. Nbd2 Nd7 10. a3 f6 11. Nc4 Qe7 12. Qe2 Nf8 13. Ne3 Bxe3 14. Qxe3 Bxf3
15. Qxf3 Ne6 16. Qe3 a5 17. Bc3 axb4 18. axb4 O-O 19. Ra7 Rxa7 20. Qxa7 b6 21.
Qa2 g5 22. d4 exd4 23. Bxd4 Kg7 24. Be3 Qd6 25. Qc4 h5 26. h3 Rd8 27. Re1 Kg6
28. Qc3 Rd7 29. Qc4 Rd8 30. Qc3 Rd7 31. Qc4 1/2-1/2

[Event "FIDE World Cup 2023"]
[Site "Baku AZE"]
[Date "2023.08.05"]
[Round "3.1"]
[White "Radjabov, Teimour"]
[Black "Santos Latasa, Jaime"]
[Result "1/2-1/2"]
[WhiteTitle "GM"]
[BlackTitle "GM"]
[WhiteElo "2747"]
[BlackElo "2656"]
[WhiteFideId "13400924"]
[BlackFideId "2293307"]
[EventDate "2023.07.30"]
[EventType "k.o."]

1. d4 Nf6 2. c4 e6 3. Nf3 d5 4. Nc3 c5 5. cxd5 cxd4 6. Qxd4 exd5 7. e4 dxe4 8.
Qxd8+ Kxd8 9. Ng5 Be6 10. Nxe6+ fxe6 11. Bg5 Nc6 12. Bc4 Ke7 13. Nxe4 Kf7 14.
Bxf6 gxf6 15. O-O-O Rd8 16. Rxd8 Nxd8 17. Rd1 Be7 18. Rd7 f5 19. Nd6+ Kf6 20.
Nxb7 Nc6 21. f4 Rc8 22. b3 e5 23. Nd6 Rb8 24. Bd5 Nb4 25. fxe5+ Kxe5 26. Nc4+
Kf6 27. Bf3 Nxa2+ 28. Kb2 Nb4 29. Rxa7 Ke6 30. Kc3 Bf6+ 31. Kd2 Rd8+ 32. Ke2 Nc2
33. Rb7 Be7 34. Rb6+ Kf7 35. Ne5+ Kg7 36. Rb7 Kf6 37. Nc6 Nd4+ 38. Nxd4 Rxd4 39.
Rb6+ 1/2-1/2

[Event "FIDE World Cup 2023"]
[Site "Baku AZE"]
[Date "2023.08.05"]
[Round "3.1"]
[White "Narayanan, S.L."]
[Black "Gukesh, D"]
[Result "1/2-1/2"]
[WhiteTitle "GM"]
[BlackTitle "GM"]
[WhiteElo "2656"]
[BlackElo "2744"]
[WhiteFideId "5058422"]
[BlackFideId "46616543"]
[EventDate "2023.07.30"]
[EventType "k.o."]

1. e4 e5 2. Nf3 Nc6 3. Bb5 a6 4. Ba4 Nf6 5. O-O Bc5 6. c3 b5 7. Bb3 d6 8. a4 Bb7
9. d3 Bb6 10. axb5 axb5 11. Rxa8 Bxa8 12. Na3 b4 13. Nc4 Ba7 14. Bg5 h6 15. Bh4
g5 16. Bg3 O-O 17. Re1 bxc3 18. bxc3 Bb7 19. Ne3 Ne7 20. h3 Bxe3 21. Rxe3 Ng6
22. Re1 Qd7 23. Nd2 Rb8 24. d4 c5 25. Bc2 cxd4 26. cxd4 Qc7 27. Nf3 Nh5 28. dxe5
Nxg3 29. fxg3 dxe5 30. Kh2 Bc8 1/2-1/2

[Event "FIDE World Cup 2023"]
[Site "Baku AZE"]
[Date "2023.08.05"]
[Round "3.1"]
[White "Tin, Jingyao"]
[Black "Svane, Rasmus"]
[Result "0-1"]
[WhiteTitle "GM"]
[BlackTitle "GM"]
[WhiteElo "2573"]
[BlackElo "2625"]
[WhiteFideId "5804418"]
[BlackFideId "4657101"]
[EventDate "2023.07.30"]
[EventType "k.o."]

1. d4 Nf6 2. c4 e6 3. Nc3 Bb4 4. e3 O-O 5. Bd3 c5 6. Ne2 d5 7. a3 cxd4 8. axb4
dxc3 9. Nxc3 Nc6 10. b5 Ne5 11. c5 Nxd3+ 12. Qxd3 e5 13. O-O Be6 14. Rd1 Qd7 15.
b4 Rfd8 16. Bb2 Bf5 17. Qd2 Bg6 18. f3 h6 19. Ra5 Qe7 20. Ne2 b6 21. Ra2 bxc5
22. bxc5 Qxc5 23. Bxe5 Qxb5 24. Bxf6 gxf6 25. Nc3 Qc5 26. Nxd5 Kg7 27. Ra5 Qc2
28. Qd4 Rd6 29. e4 Rb8 30. Rd2 Rb1+ 31. Kf2 Qc1 32. Kg3 Qe1+ 33. Kh3 Rb3 34. Ra4
Bxe4 35. Qxe4 Qxd2 36. Nf4 Rb5 37. Rxa7 Rd7 38. Ra8 Re5 39. Qc4 Rd8 40. Ra7 Rd7
41. Ra8 Rdd5 42. g4 Rc5 0-1

[Event "FIDE World Cup 2023"]
[Site "Baku AZE"]
[Date "2023.08.05"]
[Round "3.1"]
[White "Sindarov, Javokhir"]
[Black "Vachier-Lagrave, Maxime"]
[Result "1/2-1/2"]
[WhiteTitle "GM"]
[BlackTitle "GM"]
[WhiteElo "2659"]
[BlackElo "2739"]
[WhiteFideId "14205483"]
[BlackFideId "623539"]
[EventDate "2023.07.30"]
[EventType "k.o."]

1. e4 c5 2. Nf3 d6 3. Bb5+ Bd7 4. Bxd7+ Qxd7 5. c4 Nc6 6. Nc3 g6 7. d4 cxd4 8.
Nxd4 Bg7 9. Be3 Nf6 10. f3 O-O 11. O-O a6 12. a4 Qc7 13. b3 e6 14. Qd2 Rad8 15.
Nce2 d5 16. exd5 exd5 17. c5 Rfe8 18. Bf2 Nd7 19. Rac1 Nde5 20. Rfe1 Qa5 21.
Qxa5 Nxa5 22. b4 Nac4 23. Rc3 Nc6 24. Rb1 a5 25. bxa5 N6xa5 26. Rd3 Bf8 27. Rb5
Rd7 28. Nc3 Nc6 29. Nc2 d4 30. Ne4 Bg7 31. Nd6 Nxd6 32. cxd6 Ra8 33. Bg3 Rxa4
34. Rdb3 Ra7 35. Ra3 Bf8 1/2-1/2

[Event "FIDE World Cup 2023"]
[Site "Baku AZE"]
[Date "2023.08.05"]
[Round "3.1"]
[White "Dominguez Perez, Leinier"]
[Black "Guseinov, Gadir"]
[Result "1-0"]
[WhiteTitle "GM"]
[BlackTitle "GM"]
[WhiteElo "2739"]
[BlackElo "2661"]
[WhiteFideId "3503240"]
[BlackFideId "13401378"]
[EventDate "2023.07.30"]
[EventType "k.o."]

1. e4 c5 2. Nf3 e6 3. d4 cxd4 4. Nxd4 Nf6 5. Nc3 Nc6 6. Nxc6 bxc6 7. e5 Nd5 8.
Ne4 Qc7 9. f4 Qb6 10. c4 Ne3 11. Qd3 Bb4+ 12. Bd2 Ba6 13. Bxb4 Qxb4+ 14. Kf2
Qxb2+ 15. Be2 Nxc4 16. Rab1 Nxe5 17. fxe5 Qxe5 18. Qxa6 Qxe4 19. Rhd1 O-O 20.
Bf3 Qf5 21. Kg1 Rfc8 22. Rb7 d5 23. Rxa7 Rab8 24. Rf1 Qe5 25. Bd1 Rf8 26. Qe2
Qxe2 27. Bxe2 Rb2 28. Bd1 c5 29. a4 c4 30. Rc7 g6 31. h4 h5 32. g4 hxg4 33. Bxg4
Rb6 34. Rf6 Ra6 35. h5 gxh5 36. Bxh5 Kg7 37. Rf2 Rxa4 38. Bxf7 Ra1+ 39. Kh2 Kh6
40. Rg2 Rf1 41. Bg8 1-0

[Event "FIDE World Cup 2023"]
[Site "Baku AZE"]
[Date "2023.08.05"]
[Round "3.1"]
[White "Salem, A.R. Saleh"]
[Black "Daneshvar, Bardiya"]
[Result "1-0"]
[WhiteTitle "GM"]
[BlackTitle "GM"]
[WhiteElo "2661"]
[BlackElo "2577"]
[WhiteFideId "9301348"]
[BlackFideId "12576468"]
[EventDate "2023.07.30"]
[EventType "k.o."]

1. e4 c6 2. d4 d5 3. e5 Bf5 4. Nf3 e6 5. Be2 c5 6. c3 Nc6 7. O-O Bg4 8. Nbd2
cxd4 9. Nxd4 Bxe2 10. Qxe2 Nxd4 11. cxd4 Ne7 12. Nf3 Nc6 13. h4 Be7 14. h5 h6
15. Bd2 Qb6 16. Bc3 Bb4 17. Rfd1 O-O 18. Rac1 Rac8 19. Qd2 Be7 20. Qe2 Nb4 21.
Ra1 Rc6 22. a3 Na6 23. Nh2 Nc7 24. a4 Bb4 25. Rd3 Bxc3 26. bxc3 Rc8 27. Ng4 Ne8
28. Nxh6+ gxh6 29. Rg3+ Kf8 30. Qd2 Ke7 31. Qxh6 Qb2 32. Rf1 Qc2 33. Qg5+ Kd7
34. Qg8 Nd6 35. Qg7 Nf5 36. Qxf7+ Ne7 37. Rg7 Re8 38. h6 Qf5 39. Qf6 Qh5 40. h7
Rcc8 41. c4 dxc4 42. d5 1-0

[Event "FIDE World Cup 2023"]
[Site "Baku AZE"]
[Date "2023.08.05"]
[Round "3.1"]
[White "Yu, Yangyi"]
[Black "Bacrot, Etienne"]
[Result "1/2-1/2"]
[WhiteTitle "GM"]
[BlackTitle "GM"]
[WhiteElo "2735"]
[BlackElo "2662"]
[WhiteFideId "8603820"]
[BlackFideId "605506"]
[EventDate "2023.07.30"]
[EventType "k.o."]

1. e4 e6 2. d4 d5 3. e5 c5 4. c3 Nc6 5. Nf3 Qb6 6. a3 Bd7 7. b4 cxd4 8. cxd4 Rc8
9. Bb2 Na5 10. Nbd2 Nc4 11. Nxc4 dxc4 12. Rc1 Qa6 13. d5 exd5 14. Qxd5 Ne7 15.
Qd6 Nc6 16. Bxc4 Bxd6 17. Bxa6 Bxb4+ 18. axb4 bxa6 19. Ba3 O-O 20. O-O Rfd8 21.
h3 Be8 22. Rfe1 Rd3 23. Bb2 Bd7 24. e6 Bxe6 25. Nd4 Bd7 26. Rc5 h6 27. Rec1 Nxd4
28. Rxc8+ Bxc8 29. Rxc8+ Kh7 30. Rc7 Rd2 31. Bxd4 Rxd4 32. Rxf7 Rxb4 33. Rxa7
Ra4 34. g4 1/2-1/2